Films de 2h De Perdues par titres détournés : édition 2019 - Statistiques

Statistiques générales
  • Ce quiz a été pris 165 fois
  • Le résultat moyen est 11 sur 29
Statistiques - réponses
Hint % Correct
Celle-là qu'est plus vivante mais avec des bandelettes La momie
84%
Pas lent et pas content Fast and Furious
73%
Projet infaisable 3 Mission impossible 3
73%
Çui là qui combat dans une arène Gladiator
72%
Le lycée où qu'on chante High School Musical
64%
Le moment où çui-là rencontre celle-là Quand Harry rencontre Sally
61%
Çui là qu'est peu terrestre ET
50%
Le partenaire de çui-là qui gère les enfers L'associé du diable
46%
Çui-là qu'on a cru qu'il allait avoir la Gaule et finalement pas Vercingétorix
44%
Çui là qu'a les lunettes et le vase incandescent Harry Potter et la coupe de feu
42%
Çui-ci qu'on appelle pour déplacer des trucs Le transporteur
41%
Çui-là qui fait partir les démons L'exorciste
40%
L'espion en conflit avec le médecin négatif James Bond contre Dr No
35%
Combinaison alcoolisée Cocktail
33%
L'entrée stellaire Stargate
32%
C'est pas cette entrée. C'est pas la suivante. C'est pas la suivante. C'est pas la suivante. C'est toujours pas la suivante. C'est pas encore la suivante. Ni celle d'après. Toujours pas. Là c'est celle-là ! La neuvième porte
31%
Eolienne écarlate Moulin Rouge
31%
Marmelade intergalactique Space jam
30%
Çui-là qui s'amuse avec des jeux vidéoludiques Gamer
29%
L'existence de celle-là qui bouffe tout le temps La vie d'Adèle
27%
Garde en mémoire les dernières chaleurs Souviens-toi l'été dernier
27%
Çui-là qu'a les lunettes et çui-ci qu'a des TIG Harry Potter et le prisonnier d'Azkaban
25%
Çui-là qu'est plus vivant Ghost
19%
Volonté de chose Sex intentions
17%
Dévergondée Libertine
15%
Illégalité de chose Sex crimes
13%
Celle-là qui dépouille les cimetières Tomb raider
13%
Addition amoureuse & classique Romeo + Juliette
12%
Le gradé du ciel et le turfu proche Capitaine Sky et le monde de demain
10%
Aucun quiz correspondant
Distribution des résultats
% des personnes avec chaque résultat
Percentile par nombre de réponses
Votre historique - résultats
Vous n’avez pas pris ce quiz